01398cas a2200265 a 450000100090000000300040000900500170001300800410003005000240007124501920009526000390028730000280032665000470035465000570040170001330045870000910059170000870068270000770076971000490084671000350089571000490093094200150097999900150099495201230100911504355OSt20241122194309.0241122d19361946enk x w 0 0eng c00aKD288 / ELR45b.A6404aThe all England law reports annotated:bof cases decided in the House of Lords, the Privy Council, all divisions of the Supreme Court and Courts of special jurisdiction /n1945 - VOLUME 1 aLondon :bLaw Journal,c1936-1946. axxvii, 712 pagesc24 cm 0aLaw reports, digests, etc.zGreat Britain. 7aLaw reports, digests, etc.2fast0(OCoLC)fst00994106 aRoland Burrows, K.C. (Recorder of Cambridge. Managing Editor of Halsbury's Laws of England, Hailsham Edition)eConsulting Editor aHarold Christie, K.C. (Bencher of Lincoln's Inn)eConsulting Editor for Chancery Cases aCyril King, K. C. (Bencher of Middle Temple)eConsulting Editor for Taxation Cases aP. F. Skottowe, LL.B. of Middle Temple, Barrister-at-LaweGeneral Editor1 aGreat Britain.bParliament.bHouse of Lords.1 aGreat Britain.bPrivy Council.1 aGreat Britain.bSupreme Court of Judicature. 2lcccBKn0 c1499d1499 00102lcc40708NFICaMLLbMLLcGENd2024-11-22l0oELR 45 VOL 1pllm00001195r2024-11-22 19:44:23t1w2024-11-22yBK